شكبة الوب و البريد الإلكتروني / (رقم التسجيلة. 38842)

تفاصيل مارك
000 -LEADER
fixed length control field 00701nam a22002057a 4500
005 - DATE AND TIME OF LATEST TRANSACTION
control field 20251108170050.0
008 - FIXED-LENGTH DATA ELEMENTS--GENERAL INFORMATION
fixed length control field 250721s1999 xx 000 0 ara d
082 14 - DEWEY DECIMAL CLASSIFICATION NUMBER
Classification number ط/004/عطا
100 1# - MAIN ENTRY--PERSONAL NAME
Personal name عطار، فراس أبو الجود
245 10 - TITLE STATEMENT
Title شكبة الوب و البريد الإلكتروني /
264 1# - PRODUCTION, PUBLICATION, DISTRIBUTION, MANUFACTURE, AND COPYRIGHT NOTICE
Place of production, publication, distribution, manufacture حلب :
Name of producer, publisher, distributor, manufacturer دار القلم العربي،
Date of production, publication, distribution, manufacture, or copyright notice 1999.
300 ## - PHYSICAL DESCRIPTION
Extent 16ص.
490 0# - SERIES STATEMENT
Series statement الجموعة العلمية للصغار : الكمبيوتر للمبتدئين
Volume/sequential designation 10
650 17 - SUBJECT ADDED ENTRY--TOPICAL TERM
Topical term or geographic name as entry element الحواسيب
650 17 - SUBJECT ADDED ENTRY--TOPICAL TERM
Topical term or geographic name as entry element علم الحاسوب
653 ## - INDEX TERM--UNCONTROLLED
Uncontrolled term مرحلة متوسطة (6-9 سنوات )
700 1# - ADDED ENTRY--PERSONAL NAME
Personal name قاطرجي، محمد
942 ## - ADDED ENTRY ELEMENTS (KOHA)
Source of classification or shelving scheme Dewey Decimal Classification
Koha item type كتب
المقتنيات
حالة السحب حالة الفقدان مصدر التصنيف حالة التلف غير قابل للإعارة المكتبة الرئيسية المكتبة الحالية موقع الرف تاريخ التزويد الرقم المتسلسل Total Checkouts رقم الإستدعاء تاريخ آخر ظهور تاريخ الفاتورة نوع المادة (كوها) الباركود
    Dewey Decimal Classification     مكتبة قتيبة للأطفال مكتبة قتيبة للأطفال الأطفال 01/11/2017 1665663   ط/004/عطا 28/07/2025 01/11/2017 كتب PLD00408935
    Dewey Decimal Classification     مكتبة أم قصير والمقابلين العامة مكتبة أم قصير والمقابلين العامة الأطفال 28/07/2025 401396   ط/004/عطا 28/07/2025 28/07/2025 كتب 401396
    Dewey Decimal Classification     مكتبة أم قصير والمقابلين العامة مكتبة أم قصير والمقابلين العامة الأطفال 20/10/2014 315782   ط/004/عطا 28/07/2025 20/10/2014 كتب PLD00353382
    Dewey Decimal Classification     مكتبة الأميرة سلمى مكتبة الأميرة سلمى الأطفال 14/04/2016 1461730   ط/004/عطا 28/07/2025 14/04/2016 كتب PLD00386421
    Dewey Decimal Classification Unchecked   مكتبة البراءة للأطفال مكتبة البراءة للأطفال الأطفال 28/07/2025 401588   ط/004/عطا 28/07/2025 28/07/2025 كتب  
    Dewey Decimal Classification     مكتبة الراية الهاشمية للأطفال مكتبة الراية الهاشمية للأطفال الأطفال 28/07/2025 401508   ط/004/عطا 28/07/2025 28/07/2025 كتب 401508
    Dewey Decimal Classification     مكتبة بدر الجديدة للأطفال مكتبة بدر الجديدة للأطفال الأطفال 28/07/2025 401492   ط/004/عطا 28/07/2025 28/07/2025 كتب 401492
Implemented & Customized by: BBB with SCIT (Smart Chains for Information Technology)

Powered by Koha